000 01561nam0a2200325 4500
001 RU\NLR\ONL2\7273
005 20250613130315.0
010 _a978-5-295-04137-2
_94840
035 _a(NLR Aleph) 009654865
090 _a9585786
_c9585786
100 _a20070827d2007 |||y0rusy50 ca
101 0 _abak
102 _aRU
105 _aa |||||||||
200 1 _aБашkортостан тарихы
_eборонго замандарзан XIX быуат азагына тиклем
_eурта дөйөм белем биреу мэкт. 8 кл. өсөн д-лек
_fИ. F. Аkманов, Э. З. Эсфэндиэров, Н. М. Колбэхтин h. б.
_gпроф. И. F. Аkманов ред.
210 _aӨфө
_cКитап
_d2007
215 _a247,[1] б., [4] л. цв. ил.
_cил.
_d22
541 1 _aИстория Башкортостана
_eс древнейших времен до конца XIX в.: учеб. для учащихся 8 кл. шк. Башкортостана.
_zrus
607 _aБашкортостан, Республика
_xИстория
_92081195
_3RU\NLR\auth\661257162
686 1 _aТ3(2Р-6Б)2/5
701 1 _aАkманов
_bИ. F.
_gИрек Fайса улы
_4070
701 1 _aЭсфэндиэров
_bЭ. З.
_gЭнуэр Закир улы
_4070
701 1 _aКолбэхтин
_bН. М.
_gНэзир Мырзабай улы
_4070
801 0 _aRU
_bNLR
_c20070827
_gPSBO
852 _aNLR
_bОНЛ
_jБашк./3-4938
942 _cBOOK
980 _aNB
980 _aONL_RF